Studii si materiale de istorie moderna /
Historia de Rumania en la última mitad del siglo XIX y principios del siglo XX.
Guardado en:
| Andre forfattere: | |
|---|---|
| Format: | Bog |
| Sprog: | rumænsk |
| Udgivet: |
Bucarest, Rumania :
Academiei Republicii Socialiste România,
1975, c1975
|
| Fag: | |
| Tags: |
Ingen Tags, Vær først til at tagge denne postø!
|
MARC
| LEADER | 00000nam^a2200000^a^4500 | ||
|---|---|---|---|
| 001 | 000136683 | ||
| 005 | 20250521000000.0 | ||
| 009 | 20260310095326.443 | ||
| 037 | |a Acervo ITESO - Biblioteca | ||
| 041 | |a RUM | ||
| 082 | |a 949. 802 |b STU V. 5 | ||
| 245 | 0 | 0 | |a Studii si materiale de istorie moderna / |c I. Corfus... [et al.]. |
| 264 | 4 | |a Bucarest, Rumania : |b Academiei Republicii Socialiste România, |c 1975, c1975 | |
| 300 | |a 276 p. | ||
| 336 | |a texto |b txt |2 rdacontenido | ||
| 337 | |a sin mediación |b n |2 rdamedio | ||
| 338 | |a volumen |b nc |2 rdasoporte | ||
| 520 | |a Historia de Rumania en la última mitad del siglo XIX y principios del siglo XX. | ||
| 649 | |a XX | ||
| 650 | |a Rumania - |x Historia - |y Siglo XIX | ||
| 650 | |a Rumania - |x Historia - |y 1914-1947 | ||
| 650 | |a Rumania - |x Historia - |y Siglo XX | ||
| 650 | |a Historiografía - |z Rumania | ||
| 700 | |a Corfus, Ilie |e (autor) | ||
| 910 | |a Fondo Salvador Reynoso Reynoso | ||
| 920 | |a Impresos - Libros | ||
| 930 | |a Fondos Especiales | ||
| 905 | |a 112 | ||
| 901 | |a 0800013912 |b IT2 |c ESP |u 20250521 | ||
| 902 | |a https://opac.biblio.iteso.mx/vufind/Record/000136683 | ||